Kredibilita centrálnych bánk krajín V4 počas dvoch najvýznamnejších kríz 21. storočia

Centrálne banky po celom svete sa snažia udržiavať dôveru verejnosti v ich schopnosť plniť záväzky vyplývajúce zo svojich mandátov. Schopnosť centrálnej banky dodržiavať tieto záväzky je významne ovplyvnená dôveryhodnosťou centrálnej banky, ktorá sa v ekonomickej teórii označuje pojmom kredibilita....

Descripción completa

Guardado en:
Detalles Bibliográficos
Autor principal: Šajter, Roman, 2000-
Formato: Capítulo de libro
Lenguaje:eslovaco
Materias:
Etiquetas: Agregar Etiqueta
Sin Etiquetas, Sea el primero en etiquetar este registro!

MARC

LEADER 00000naa a2200000 4500
001 0313957
005 20260113103947.4
041 0 |a slo 
044 |a SK 
245 1 0 |a Kredibilita centrálnych bánk krajín V4 počas dvoch najvýznamnejších kríz 21. storočia  |c Roman Šajter 
520 |a Centrálne banky po celom svete sa snažia udržiavať dôveru verejnosti v ich schopnosť plniť záväzky vyplývajúce zo svojich mandátov. Schopnosť centrálnej banky dodržiavať tieto záväzky je významne ovplyvnená dôveryhodnosťou centrálnej banky, ktorá sa v ekonomickej teórii označuje pojmom kredibilita. Skúmanie kredibility centrálnych bánk krajín Vyšehradskej skupiny (V4), počas obdobia rokov 2008-2024. V rámci zvoleného obdobia sa prejavuje efekt dvoch najvýznamnejších kríz 21. storočia, a to globálnej finančnej krízy a krízy spojenej s pandémiou Covid-19. 
610 2 0 |a banky centrálne 
610 2 0 |a kredibilita 
610 2 0 |a kríza finančná 
610 2 0 |a pandémia 
610 2 0 |a Vyšehradská štvorka 
100 1 |a Šajter, Roman, 2000-